HP B1 C3 - Statistics

General Stats
  • This quiz has been taken 13 times
    3 since last reset
  • The average score is 54 of 125
Answer Stats
Term Answer % Correct
Espuma Foam
100%
Martillo Hammer
100%
Entrenamiento Training
100%
Adquirir Acquire
67%
Alienígena Alien
67%
Amargura Bitterness
67%
Comprimido Compressed
67%
Lechería Dairy
67%
Hallar Find
67%
Grisáceo Greyish
67%
Factura Invoice
67%
Nudo Knot
67%
Lechero Milkman
67%
Equivocación Mistake
67%
Gemido Moan
67%
Mudarse Move
67%
Clavo Nail
67%
Avena Oatmeal
67%
Loro Parrot
67%
Cartero Postman
67%
Trapo Rag
67%
Rabia Rage
67%
Alcance Reach
67%
Alga Seaweed
67%
Estante Shelf
67%
Estantería Shelving
67%
Escudo Shield
67%
Fregadero Sink
67%
Salpicar Splash
67%
Inodoro Toilet
67%
Semáforo Traffic Light
67%
Trigo Wheat
67%
Muñeca Wrist
67%
Asombro Astonishment
33%
Tejón Badger
33%
Ovillo Ball
33%
Portazo Bang
33%
Bombachos Bloomers
33%
Canotié Boater
33%
Estallar Burst
33%
Bastón Cane
33%
Aplaudir Clap
33%
Recipiente Container
33%
Mostrador Counter
33%
Rendija Cranny
33%
Arrugado Creased
33%
Muleta Crutch
33%
Apuesto Dapper
33%
Disgustado Disgruntled
33%
Despectivo Disparaging
33%
Esquivar Dodge
33%
Cerradura Doorlock
33%
Felpudo Doormat
33%
Frac Dress Coat
33%
Agacharse Duck
33%
Teñir Dye
33%
Sobre Envelope
33%
Desmayarse Faint
33%
Feroz Fierce
33%
Fofo Flabby
33%
Copo Flake
33%
Afluir Flow In
33%
Encariñado Fond
33%
Gachas Gruel
33%
Percha Hanger
33%
Colgante Hanging
33%
Horrorizado Horrified
33%
Tararear Hum
33%
Choza Hut
33%
Gélido Icy
33%
Gentilmente Kindly
33%
Regazo Lap
33%
Alféizar Ledge
33%
Buzón Letterbox
33%
Lúgubre Lugubrious
33%
Granate Maroon
33%
Apolillado Motheaten
33%
Mohoso Mouldy
33%
Amortiguar Muffle
33%
Cogote Nape
33%
Remo Oar
33%
De Vez En Cuando Occasionally
33%
Desfilar Parade
33%
Reseco Parched
33%
Pergamino Parchment
33%
Encaramar Perch
33%
Arado Plough
33%
Postal Postcard
33%
Estafeta Post Office
33%
Rancio Rancid
33%
Ensayar Rehearse
33%
Acarrear Result In
33%
Devolución Return
33%
Desvencijado Rickety
33%
Peñasco Rock
33%
Goma Rubber Band
33%
Atropellar Run Over
33%
Nuca Scruff
33%
Lacre Sealing Wax
33%
Sábana Sheet
33%
Triturar Shred
33%
Picadora Shredder
33%
Patinar Skid
33%
Resbalar Slide
33%
Colar Sneak
33%
Roncar | Ronquido Snore
33%
Bufar Snort
33%
Blando Soft
33%
Sello Stamp
33%
Enderezar Straighten
33%
Paja Straw
33%
Velozmente Swiftly
33%
Andrajoso Tattered
33%
Pedacito Tiny Bit
33%
Desdentado Toothless
33%
Tropezar Trip Over
33%
Forcejear Tussle
33%
Desdoblar Unfold
33%
Gimotear Whine
33%
Azotar Whip
33%
Gastado Worn Out
33%
Amarillento Yellowish
33%
Aullar Yowl
33%
Zumbar Zoom
33%
No matching quizzes found
Score Distribution
Percent of People with Each Score
Percentile by Number Answered
Your Score History
You have not taken this quiz since the last reset